000 00300nam a22001217a 4500
008 230704b xxu||||| |||| 00| 0 eng d
020 _a0192622285
082 _a362.7
_bGRA
245 _aThe State of the World's Children 1992
260 _bOxford University Press
300 _a100p
942 _2ddc
_cBK
999 _c3951
_d3951